| Tag |
First Indicator |
Second Indicator |
Subfields |
| LEADER |
00000cam a2200000 i 4500 |
| 001 |
in00005647921 |
| 008 |
250109t20242024enkabch b 001 0 eng d |
| 005 |
20250622023634.3 |
| 035 |
|
|
|a (OCoLC)on1483682131
|
| 040 |
|
|
|a GZD
|b eng
|e rda
|c GZD
|d GZD
|d BDX
|d OCLCO
|d YDX
|
| 020 |
|
|
|a 9781912690909
|
| 020 |
|
|
|a 191269090X
|q hardcover
|
| 035 |
|
|
|a (OCoLC)1483682131
|
| 043 |
|
|
|a e-uk-en
|a e-uk---
|
| 050 |
|
4 |
|a CS436.L7
|b C44 2024
|
| 082 |
0 |
4 |
|a 941.0099
|2 23/eng/20250109
|
| 100 |
1 |
|
|a Perrett, Tamsin,
|e author.
|1 https://id.oclc.org/worldcat/entity/E39PCjxFDHXGTkM6KVBvRF69Xd
|
| 245 |
1 |
0 |
|a Cadogan :
|b a Chelsea family /
|c by Tamsin Perrett ; edited by Camilla Mountain.
|
| 264 |
|
1 |
|a Lewes [East Sussex] :
|b Unicorn in association with Cadogan,
|c 2024.
|
| 264 |
|
3 |
|a [Wales] :
|b Gomer
|
| 264 |
|
4 |
|c ©2024
|
| 300 |
|
|
|a 504 pages :
|b color illustrations, color maps, portraits, plans, genealogical tables, coats of arms, facsimiles ;
|c 25 cm
|
| 336 |
|
|
|a text
|b txt
|2 rdacontent
|
| 336 |
|
|
|a still image
|b sti
|2 rdacontent
|
| 336 |
|
|
|a cartographic image
|b cri
|2 rdacontent
|
| 337 |
|
|
|a unmediated
|b n
|2 rdamedia
|
| 338 |
|
|
|a volume
|b nc
|2 rdacarrier
|
| 340 |
|
|
|g polychrome
|2 rdacc
|
| 340 |
|
|
|g monochrome
|2 rdacc
|
| 340 |
|
|
|p illustration
|2 rdaill
|
| 340 |
|
|
|p portrait
|2 rdaill
|
| 340 |
|
|
|p map
|2 rdaill
|
| 340 |
|
|
|p plan
|2 rdaill
|
| 340 |
|
|
|p genealogical table
|2 rdaill
|
| 340 |
|
|
|p coat of arms
|2 rdaill
|
| 340 |
|
|
|p facsimile
|2 rdaill
|
| 504 |
|
|
|a Includes bibliographical references and index.
|
| 505 |
0 |
|
|a Foreword / Charles Moore -- Early beginnings -- The Stuarts -- The Georgians -- Napoleonic Wars & the Wellington connection -- The Victorians -- The twentieth century -- Afterword / Edward, 9th Earl Cadogan.
|
| 520 |
|
|
|a "Celtic chieftains emerging from the mists of ancient Wales, the 'battle-keen' Cadogans play their part at Blenheim alongside Marlborough, on board Pellew's Indefatigable, with Wellington at Mondego Bay and Vittoria; at Balaklava and Sevastapol; at Ypres, Gallipoli and El Alamein. But opening the family archives - private letters, diaries and albums - we also find multilingual spies, evangelical clergymen, watercolour artists and society ladies who defy convention for love; illegitimacy, duels and gambling. There are diplomats, courtiers and confidantes. They share their stories with institutions from Chelsea Physic Garden and the British Museum to the British Olympic Association and Chelsea Football Club; from the Gaiety Theatre and the Jockey Club to the United Nations and the BBC. Woven throughout is the parallel history of Chelsea: a riverside farmland estate transformed into a visionary Georgian new town, and again into the recognisable red-brick of Pont Street Dutch, surviving riots and near-bankruptcy to become a thriving London community. Told with affection and humour, interweaving world events and private dramas over a thousand years, this book brings to life the story of one family that is also to the story of the British Isles."--
|c Provided by publisher.
|
| 600 |
3 |
0 |
|a Cadogan family.
|
| 651 |
|
0 |
|a Chelsea (London, England)
|x Genealogy.
|
| 651 |
|
0 |
|a Chelsea (London, England)
|x History.
|
| 651 |
|
0 |
|a Great Britain
|x History.
|
| 651 |
|
6 |
|a Grande-Bretagne
|x Histoire.
|0 (CaQQLa)201-0027082
|
| 700 |
1 |
|
|a Moore, Charles,
|d 1956-
|e author of foreword.
|1 https://id.oclc.org/worldcat/entity/E39PBJhmGDxQx48WMRf97DBdcP
|
| 700 |
1 |
|
|a Cadogan, Edward Charles,
|c Earl,
|d 1966-,
|e author of afterword.
|
| 700 |
1 |
|
|a Mountain, Camilla,
|e editor.
|
| 700 |
1 |
|
|a Frener, Karin,
|e book designer.
|
| 710 |
2 |
|
|a Gwasg Gomer,
|e printer.
|
| 710 |
2 |
|
|a Unicorn publishing group
|
| 710 |
2 |
|
|a Cadogan Estates Ltd.
|
| 852 |
8 |
|
|b POD
|z This title is available for the library to purchase for your use. Click the "Purchase It For Me" button to place a request. This item will take 5-10 business days to arrive.
|
| 955 |
|
|
|a Print PDA title
|
| 961 |
|
|
|m 565730
|
| 999 |
f |
f |
|s f2c892c0-2f52-4575-b646-c0a10716443c
|i 17896f8c-f4b0-4aa2-af3d-7a61c5e40741
|t 0
|
| 952 |
f |
f |
|a Texas A&M University
|b College Station
|c Sterling C. Evans Library
|d Purchase on Demand
|t 0
|e CS436.L7 C44 2024
|h Library of Congress classification
|
| 998 |
f |
f |
|a CS436.L7 C44 2024
|t 0
|l Purchase on Demand
|